000 00521nam a22001937a 4500
005 20240404170754.0
010 _aENG-139478
020 _a9788176212793
_c295.00
035 _aEN-123010
037 _bDBAD/PUB
082 _aN
100 _aOvalde, Veronique
_964321
245 _aThe Grace Of Brigands/
_cBy Veronique Ovalde
260 _aNew Delhi
_bFull Circle Publishing
270 _aJ-40, Jorbagh Lane
_bNew Delhi
_e110003
300 _a295Pages;
_c21cm(pbk)
760 _b1
942 _cEN
_hN
_2ddc
_mOVA
_e2015
999 _c201123
_d201123